Población y salud en Mesoamérica /

Uloženo v:
Podrobná bibliografie
Hlavní autor: Chinchilla Arley, Ricardo
Korporativní autor: Universidad de Costa Rica. Centro Centroaméricana de Población
Další autoři: ed
Médium: Text
Vydáno: San José: Centro Centroamericano de Población. CCP
Témata:
Tagy: Přidat tag
Žádné tagy, Buďte první, kdo vytvoří štítek k tomuto záznamu!

MARC

LEADER 00000 a a2200000 04500
001 32220
003
040
020 |a 9977-15-132-6  
090 |a 201400  
100 |a Chinchilla Arley, Ricardo  
110 |a Universidad de Costa Rica. Centro Centroaméricana de Población  
245 |a Población y salud en Mesoamérica /  |c Ricardo Chinchilla Arley 
260 |a San José:   |b Centro Centroamericano de Población. CCP  
300 |a 538 p.   |b map.  
650 |a SALUD  
650 |a POBLACION  
650 |a MIGRACION  
650 |a FECUNDIDAD  
650 |a SALUD REPRODUCTIVA  
650 |a ADOLESCENTES  
650 |a ANCIANOS  
650 |a DESEMPEÑO ECONOMICO  
650 |a RECESION ECONOMICA  
650 |a EDUCACION  
650 |a FAMILIA  
650 |a POBREZA  
700 |a ed  
999 |c 8397  |d 8397